O livro dos livros da Real Biblioteca : (Registro nro. 22578)
[ vista simple ]
| 000 -CABECERA | |
|---|---|
| campo de control de longitud fija | 00972nam a2200265 a 4500 |
| 001 - NÚMERO DE CONTROL | |
| campo de control | 000023081 |
| 005 - FECHA Y HORA DE LA ÚLTIMA TRANSACCIÓN | |
| campo de control | 20200930021957.0 |
| 008 - DATOS DE LONGITUD FIJA--INFORMACIÓN GENERAL | |
| campo de control de longitud fija | 101126s2003 br a 000 0 por d |
| 020 ## - NÚMERO INTERNACIONAL ESTÁNDAR DEL LIBRO | |
| Número Internacional Estándar del Libro | 8585023880 |
| 040 ## - FUENTE DE LA CATALOGACIÓN | |
| Centro catalogador/agencia de origen | DO-SdBNP |
| Lengua de catalogación | spa |
| Centro/agencia transcriptor | BNPHU |
| 041 17 - CÓDIGO DE LENGUA | |
| Código de lengua del texto/banda sonora o título independiente | poreng |
| Fuente del código | Código de idioma MARC |
| 082 ## - NÚMERO DE LA CLASIFICACIÓN DECIMAL DEWEY | |
| Número de clasificación | 027.5 |
| Número de documento/Ítem | S399ó |
| 049 ## - FONDOS LOCALES (OCLC) | |
| Fondos de biblioteca | BNGR |
| 100 1# - ENTRADA PRINCIPAL--NOMBRE DE PERSONA | |
| Nombre de persona | Schwarcz, Lilia Moritz |
| 9 (RLIN) | 47518 |
| 245 10 - MENCIÓN DE TÍTULO | |
| Título | O livro dos livros da Real Biblioteca : |
| Resto del título | the Royal Library´s book of book / |
| Mención de responsabilidad, etc. | Lilia Moritz Schwarcz, Paulo Cesar de Azevedo ; traducción de H. Sabrina Gledhill. |
| 260 ## - PUBLICACIÓN, DISTRIBUCIÓN, ETC. | |
| Lugar de publicación, distribución, etc. | São Paulo, Brasil : |
| Nombre del editor, distribuidor, etc. | Fundación Odebrecht, |
| Fecha de publicación, distribución, etc. | 2003. |
| 300 ## - DESCRIPCIÓN FÍSICA | |
| Extensión | 384 p. : |
| Otras características físicas | il. ; |
| Dimensiones | 32 cm. |
| 500 ## - NOTA GENERAL | |
| Nota general | Incluye glosario. |
| 504 ## - NOTA DE BIBLIOGRAFÍA, ETC. | |
| Nota de bibliografía, etc. | Incluye referencias bibliográficas y notas al pie de las páginas. |
| 650 #4 - PUNTO DE ACCESO ADICIONAL DE MATERIA--TÉRMINO DE MATERIA | |
| Término de materia o nombre geográfico como elemento de entrada | Bibliotecas gubernamentales |
| 9 (RLIN) | 47519 |
| 651 #4 - PUNTO DE ACCESO ADICIONAL DE MATERIA--NOMBRE GEOGRÁFICO | |
| Nombre geográfico | Brasil |
| Subdivisión general | Historia |
| 9 (RLIN) | 47520 |
| 651 #4 - PUNTO DE ACCESO ADICIONAL DE MATERIA--NOMBRE GEOGRÁFICO | |
| Nombre geográfico | Portugal |
| Subdivisión general | Historia |
| 9 (RLIN) | 47521 |
| 700 1# - PUNTO DE ACCESO ADICIONAL--NOMBRE DE PERSONA | |
| Nombre de persona | Gledhill, H. Sabrina, |
| Término indicativo de función/relación | tr. |
| 9 (RLIN) | 47522 |
| 910 ## - DATOS DE OPCIÓN DEL USUARIO (OCLC) | |
| Datos de opción del usuario | WM |
| Estado de retiro | Estado de pérdida | Restricciones de uso | No para préstamo | Código de colección | Localización permanente | Ubicación/localización actual | Ubicación en estantería | Fecha de adquisición | Número de inventario | Total de préstamos | Signatura topográfica completa | Código de barras | Fecha visto por última vez | Precio válido a partir de | Tipo de ítem Koha | Número de copia |
|---|---|---|---|---|---|---|---|---|---|---|---|---|---|---|---|---|
| Monografías: Libros y Folletos | General | General | Depósito | 26.11.2010 | LF1 | 027.5 S399ó | 23081-10 | 25.06.2020 | 25.06.2020 | Préstamo en sala | ||||||
| Préstamo restrigido | Monografías: Libros y Folletos | General | General | Depósito | 26.11.2010 | LF1 | 027.5 S399ó | 23081-20 | 25.06.2020 | 25.06.2020 | Préstamo en sala | e. 2 |
